Estudio sobre los impactos socio-económicos del sector minero en Colombia : (Registro nro. 15347)

Detalles MARC
000 -LEADER
fixed length control field 01252nam a22002657a 4500
003 - CONTROL NUMBER IDENTIFIER
control field OSt
005 - DATE AND TIME OF LATEST TRANSACTION
control field 20210311145352.0
008 - FIXED-LENGTH DATA ELEMENTS--GENERAL INFORMATION
fixed length control field 210311s2013 ck ad||gr|||| 00| 0 spa d
020 ## - INTERNATIONAL STANDARD BOOK NUMBER
International Standard Book Number 9789585796331
040 ## - CATALOGING SOURCE
Original cataloging agency CO-JMCR
Transcribing agency CO-JMCR
041 0# - LANGUAGE CODE
Language code of text/sound track or separate title spa
082 04 - DEWEY DECIMAL CLASSIFICATION NUMBER
Classification number 338.209861 /
Item number M386e
Edition number 23
100 1# - MAIN ENTRY--PERSONAL NAME
Personal name Martínez Ortiz, Astrid,
Relator term autor
9 (RLIN) 2635
245 10 - TITLE STATEMENT
Title Estudio sobre los impactos socio-económicos del sector minero en Colombia :
Remainder of title encadenamientos sectoriales : estudio preparado para la Asociación del Sector de la Minería a Gran Escala /
Statement of responsibility, etc. directora, Astrid Martínez Ortíz ; asistente, Tatiana Aguilar Londoño
250 ## - EDITION STATEMENT
Edition statement Primera edición
260 ## - PUBLICATION, DISTRIBUTION, ETC.
Place of publication, distribution, etc. Bogotá :
Name of publisher, distributor, etc. Fedesarrollo,
Date of publication, distribution, etc. 2013
300 ## - PHYSICAL DESCRIPTION
Extent 97 páginas :
Other physical details ilustraciones y graficas en blanco y negro ;
Dimensions 23 cm.
490 0# - SERIES STATEMENT
Series statement Cuadernos fedesarrollo ;
Volume/sequential designation 47
504 ## - BIBLIOGRAPHY, ETC. NOTE
Bibliography, etc. note Bibliografía : páginas 85-89.
505 0# - FORMATTED CONTENTS NOTE
Formatted contents note La minería en Colombia -- Encadenamientos sectoriales en Colombia -- Experiencias internacionales en desarrollo de proveedores -- La experiencia colombiana
650 14 - SUBJECT ADDED ENTRY--TOPICAL TERM
Topical term or geographic name entry element Industria minera
General subdivision Aspectos socioeconómicos
9 (RLIN) 35980
650 24 - SUBJECT ADDED ENTRY--TOPICAL TERM
Topical term or geographic name entry element Investigaciones
Geographic subdivision Colombia
9 (RLIN) 8994
700 1# - ADDED ENTRY--PERSONAL NAME
Personal name Aguilar Londoño, Tatiana,
Relator term coautora
9 (RLIN) 35981
942 ## - ADDED ENTRY ELEMENTS (KOHA)
Source of classification or shelving scheme Dewey Decimal Classification
Koha item type Books
Existencias
Withdrawn status Lost status Source of classification or shelving scheme Damaged status Not for loan Home library Current library Shelving location Date acquired Source of acquisition Total Checkouts Full call number Barcode Date last seen Copy number Price effective from Koha item type
    Dewey Decimal Classification     Biblioteca Pública José María del Castillo y Rada Biblioteca Pública José María del Castillo y Rada General Stacks   Donación   338.209861 / M386e 201810838 05/16/2024 Ej.1   Books